000 00457nam a2200193Ia 4500
005 20240823061902.0
008 240823s9999||||xx |||||||||||||| ||und||
041 _aENGLISH
082 _A363.728 Q6
100 _aEswary Devi T
245 0 _aMunicipal Solid Waste Management
250 _a1st
260 _c2016
_bSruthi Publica
500 _aYES
650 _aSolid Waste Management
_bCivil
700 _a Rohini T
942 _cBK
999 _c234592
_d234592